| 000 -LEADER |
| fixed length control field |
01933 a2200205 4500 |
| 020 ## - INTERNATIONAL STANDARD BOOK NUMBER |
| International Standard Book Number |
0071165398 (hardcover) |
| 020 ## - INTERNATIONAL STANDARD BOOK NUMBER |
| International Standard Book Number |
9780071165396 (hardcover) |
| 090 ## - LOCALLY ASSIGNED LC-TYPE CALL NUMBER (OCLC); LOCAL CALL NUMBER (RLIN) |
| -- |
4895 |
| -- |
4895 |
| 100 1# - MAIN ENTRY--PERSONAL NAME |
| Personal name |
Juran, J.M. |
| 245 10 - TITLE STATEMENT |
| Title |
Juran's quality handbook / |
| Statement of responsibility, etc. |
J.M. Juran, A.Blanton Godfrey. |
| 250 ## - EDITION STATEMENT |
| Edition statement |
5th ed. |
| 260 ## - PUBLICATION, DISTRIBUTION, ETC. |
| Place of publication, distribution, etc. |
[S.l.] : |
| Name of publisher, distributor, etc. |
McGraw-Hill Professional, |
| Date of publication, distribution, etc. |
2000. |
| 300 ## - PHYSICAL DESCRIPTION |
| Extent |
1872 p. ; |
| Dimensions |
25 cm. |
| 490 1# - SERIES STATEMENT |
| Series statement |
Mcgraw-hill international editions: industrial engineering series. |
| 520 ## - SUMMARY, ETC. |
| Summary, etc. |
For decades, "Juran's Quality Handbook" has been the one essential reference in quality management and engineering - the ultimate authoritative source of answers on quality applications, procedures, techniques, and strategies. Now this Fifth Edition - a major revision and the first new edition of "Juran's Quality Handbook" in more than 10 years - forges a new standard in tools for quality. Bringing managers and engineers the most up-to-date methods, research, and theory, under the guidance of a team of the world's top experts, Juran's shows you how to plan for quality, achieve quality control, and ensure quality results.Packed with new methods, research, and thought on quality, and emphasizing the need for quality software and quality software development methods, this completely updated classic also gives you new information, new techniques, and new applications. Broad in scope and inclusive in methodology, "Juran's Quality Handbook" is the reference of choice for anyone concerned with quality in business, manufacturing, or engineering. Whether you're just beginning your journey or a longtime traveler on the quality path, this book is the best possible companion for your voyage. |
| 700 1# - ADDED ENTRY--PERSONAL NAME |
| Personal name |
Godfrey, A.Blanton. |
| 830 #0 - SERIES ADDED ENTRY--UNIFORM TITLE |
| Uniform title |
Mcgraw-hill international editions: industrial engineering series. |
| 856 40 - ELECTRONIC LOCATION AND ACCESS |
| Materials specified |
Amazon.com |
| Uniform Resource Identifier |
<a href="http://www.amazon.com/exec/obidos/ASIN/0071165398/chopaconline-20">http://www.amazon.com/exec/obidos/ASIN/0071165398/chopaconline-20</a> |
| 942 ## - ADDED ENTRY ELEMENTS (KOHA) |
| Institution code [OBSOLETE] |
NBS |
| Koha item type |
Book |
| Call number prefix |
658.562 JUR |